Verejné obstarávanie tovarov, služieb a verejných prác bakalárska práca

Salvato in:
Dettagli Bibliografici
Autore principale: Foltínová, Martina
Ente Autore: Národohospodárska fakulta EU. Katedra hospodárskej politiky
Altri autori: Vorlíčková, Jana
Natura: Libro
Lingua:slovacco
Pubblicazione: Bratislava 2011
Tags: Aggiungi Tag
Nessun Tag, puoi essere il primo ad aggiungerne!!

MARC

LEADER 00000nbm a2200000 4500
001 0139609
005 20161109111633.3
041 0 |a slo 
044 |a SK 
245 1 0 |a Verejné obstarávanie tovarov, služieb a verejných prác  |b bakalárska práca  |c Martina Foltínová ; školiteľ: Jana Vorlíčková 
264 1 |a Bratislava  |c 2011 
300 |a 49 s. 
100 1 |a Foltínová, Martina 
700 1 |a Vorlíčková, Jana 
710 2 |a Národohospodárska fakulta EU. Katedra hospodárskej politiky